000 005860000a22001810004500
001 004288
003 MACL
005 20150705141452.0
008 150705b xxu||||| |||| 00| 0 eng d
040 _aMACL
_cMACL
041 _aEnglish
100 _aSatchidananda Murty K.S.
_9844
245 _aLife, Thought and Culture in India (c. AD 300 1̜000)
_cD.P. Chattopadhyaya
_bHistory of Science, Philosophy, and Culture in Indian Civilization
260 _aCentre For Studies In Civilizations,
_c2004
_bNew Delhi
350 _a1350
650 _aSocial Science
_929
942 _k306.5
_cBK
_2ddc
999 _c16179
_d16179